书目信息 |
| 题名: |
300种美树彩图馆
|
|
| 作者: | 付改兰 编著 | |
| 分册: | ||
| 出版信息: | 北京 中国华侨出版社 2016 |
|
| 页数: | 425页 | |
| 开本: | 25cm | |
| 丛书名: | ||
| 单 册: | ||
| 中图分类: | S718.4 | |
| 科图分类: | ||
| 主题词: | 树木--shu mu--普及读物 | |
| 电子资源: | ||
| ISBN: | 978-7-5113-5858-5 | |
| 000 | 00918nam0 22002411 450 | |
| 001 | 0122100704 | |
| 005 | 20170322105407.21 | |
| 010 | @a978-7-5113-5858-5@dCNY39.80 | |
| 100 | @a20160622d2016 em y0chiy50 ea | |
| 101 | 0 | @achi |
| 102 | @aCN@b110000 | |
| 105 | @aa z 000yy | |
| 106 | @ar | |
| 200 | 1 | @a300种美树彩图馆@9300zhong mei shu cai tu guan@f付改兰编著 |
| 210 | @a北京@c中国华侨出版社@d2016 | |
| 215 | @a425页@c彩图@d25cm | |
| 300 | @a中侨彩图馆/刘凤珍主编 | |
| 330 | @a本书分为“综述”和“树的种类”两大部分。“综述”部分从总体上描述了树林的形态及树根、树干、树叶、花和果实各部分的结构特征,以及森林与生态、社会、气候的关系等;“树的种类”部分中,除几种较独特的裸子植物外,分别被归入“针叶树”、“阔叶树”、“热带树”三大类。 | |
| 606 | 0 | @a树木@9shu mu@j普及读物 |
| 690 | @aS718.4@v5 | |
| 701 | 0 | @a付改兰@9fu gai lan@4编著 |
| 801 | 0 | @aCN@bTANGWEI@c20170308 |
| 905 | @b0958902-5@dS718.4@e94@f4 | |
| 300种美树彩图馆/付改兰编著.-北京:中国华侨出版社,2016 |
| 425页:彩图;25cm |
| 中侨彩图馆/刘凤珍主编 |
| ISBN 978-7-5113-5858-5:CNY39.80 |
| 本书分为“综述”和“树的种类”两大部分。“综述”部分从总体上描述了树林的形态及树根、树干、树叶、花和果实各部分的结构特征,以及森林与生态、社会、气候的关系等;“树的种类”部分中,除几种较独特的裸子植物外,分别被归入“针叶树”、“阔叶树”、“热带树”三大类。 |
| ● |
| 相关链接 |
|
|
|
|
正题名:300种美树彩图馆
索取号:S718.4/94
 
预约/预借
| 序号 | 登录号 | 条形码 | 馆藏地/架位号 | 状态 | 备注 |
| 1 | 0958902 | 209589024 | 第二样本阅览室/ [索取号:S718.4/94] | 在馆 | |
| 2 | 0958903 | 209589033 | 第三借阅区/ [索取号:S718.4/94] | 在馆 | |
| 3 | 0958904 | 209589042 | 第三借阅区/ [索取号:S718.4/94] | 在馆 | |
| 4 | 0958905 | 209589051 | 第三借阅区/ [索取号:S718.4/94] | 在馆 |